• 首页
  • 本馆介绍
  • 公告通知
  • 最新文献
  • 馆藏检索
  • 电子资源
  • 读者导购
  • 参考咨询
  • 我的图书馆
  • 登录
  • 详细信息显示
  • 放入我的书架
  • 预约/预借图书
  • 作者相关作品
  • 分类相关作品
  • 丛书相关作品
  • 出版社相关作品

书目信息

  • 表格格式
  • 工作单格式
  • 卡片格式
题名:
两汉思想史
    
 
作者: 徐复观
分册: 第二卷  
出版信息: 上海   华东师范大学出版社  2001
页数: 392页
开本: 20cm
丛书名:
单 册:
中图分类: B234.05
科图分类:
主题词: 哲学--中国--楚汉战争时代 , 哲学--中国--汉代
电子资源:
ISBN: 7-5617-2816-6
000 00550nam0 2200193 450
001 0728815141
005 20070819080015.14
010    @a7-5617-2816-6
100    @a20070819d km y0chiy0120 ea
101 0  @achi
200 1  @a两汉思想史@Aliang han si xiang shi@h第二卷@f徐复观@Fxu fu guan
210    @a上海@c华东师范大学出版社@d2001
215    @a392页@d20cm
606 0  @a哲学@x中国@x楚汉战争时代
606 0  @a哲学@x中国@x汉代
690    @aB234.05@v3
701  0 @a徐复观@Axu fu guan
801  0 @aCN@bPFT@c20070819
905    @a213230@dB234.05@eZW101:2@f1
    
    两汉思想史.第二卷/徐复观.-上海:华东师范大学出版社,2001
    392页;20cm
    
    
    ISBN 7-5617-2816-6:
    
●
相关链接 在E读中查询图书 在五车中查询图书 在当当中查询图书 在豆瓣中查询图书


正题名:两汉思想史     索取号:B234.05/ZW101:2         预约/预借

序号 登录号 条形码 馆藏地/架位号 状态 备注
1 7600219   276002193   密集书库-文学院/ [索取号:B234.05/ZW101:2] 在馆    
唐山师范学院图书馆 欢迎您!
大连网信软件有限公司© 版权所有